Game of Thrones Characters and Actors by Picture #5 (Harder) - Statistics

General Stats
  • This quiz has been taken 21 times
  • The average score is 9 of 32
Answer Stats
Picture Answer % Correct
Renly Baratheon
94%
Rickon Stark
94%
Tommen Baratheon
88%
Ros
76%
Rodrik Cassell
71%
Luwin
65%
Brynden Tully
53%
Doran Martell
53%
Grenn
53%
Unella
53%
Yoren
41%
Orell
29%
Tyene Sand
29%
Irri
24%
Olyvar
24%
Dean-Charles Chapman
12%
Yohn Royce
12%
Esmé Bianco
6%
Hannah Waddingham
6%
Alexander Siddig
0%
Amrita Acharia
0%
Art Parkinson
0%
Clive Russell
0%
Donald Sumpter
0%
Francis Magee
0%
Gethin Anthony
0%
Mackenzie Crook
0%
Mark Stanley
0%
Ron Donachie
0%
Rosabell Laurenti Sellers
0%
Rupert Vansittart
0%
Will Tudor
0%
No matching quizzes found
Score Distribution
Percent of People with Each Score
Percentile by Number Answered
Your Score History
You have not taken this quiz